Medieval Europe and the world beyond / (Record no. 13626)

000 -LEADER
fixed length control field 00473nam a2200169 a 4500
020 ## - INTERNATIONAL STANDARD BOOK NUMBER
ISBN 0697340694
040 ## - CATALOGING SOURCE
Transcribing agency DLC
082 00 - DEWEY DECIMAL CLASSIFICATION NUMBER
Classification number 940 MCG 1998 A101 Or.
100 1# - MAIN ENTRY--AUTHOR NAME
Personal name Fiero, Gloria K.
245 10 - TITLE STATEMENT
Title Medieval Europe and the world beyond /
250 ## - EDITION STATEMENT
Edition statement 3rd ed.
260 ## - PUBLICATION, DISTRIBUTION, ETC. (IMPRINT)
Place of publication New York :
Name of publisher McGraw-Hill,
Year of publication c1998.
300 ## - PHYSICAL DESCRIPTION
Number of Pages xiii, 176 p. :
Other physical details ill. (some col.), col. maps ;
Dimensions 28 cm.
490 1# - SERIES STATEMENT
Series statement The humanistic tradition ;
650 #0 - SUBJECT ADDED ENTRY--TOPICAL TERM
Topical Term Civilization, Medieval.
942 ## - ADDED ENTRY ELEMENTS (KOHA)
Koha item type សៀវភៅភាសាអង់គ្លេស
952 ## - LOCATION AND ITEM INFORMATION (KOHA)
Withdrawn status [LOCAL, KOHA] 0
Holdings
Permanent Location Date acquired Koha item type Lost status Shelving location Barcode Current Location Full call number
Library Block A2017-08-29សៀវភៅភាសាអង់គ្លេស A101A17297Library Block A940 MCG 1998 A101 Or.
មជ្ឈមណ្ឌលឯការនៃសាកលវិទ្យាល័យភូមិន្ទកសិកម្មចំការដូង

Powered by Koha